Evangelio y revolución (Record no. 90536)

MARC details
000 -LEADER
campo de control de longitud fija 00770nam a2200217 i 4500
001 - NÚMERO DE CONTROL
campo de control 90536
003 - IDENTIFICADOR DE NÚMERO DE CONTROL
campo de control ES-MaACL
005 - FECHA Y HORA DE LA ÚLTIMA TRANSACCIÓN
campo de control 20251212171747.0
007 - CAMPO FIJO DE DESCRIPCIÓN FÍSICA--INFORMACIÓN GENERAL
campo de control de longitud fija t|
008 - DATOS DE LONGITUD FIJA--INFORMACIÓN GENERAL
campo de control de longitud fija 050121s1970 sp ||||1| spa d
100 1# - ENTRADA PRINCIPAL--NOMBRE DE PERSONA
Nombre de persona Le Guillou, Marie-Joseph,
Fechas asociadas al nombre 1920-1990
9 (RLIN) 70888
245 10 - MENCIÓN DEL TÍTULO
Título Evangelio y revolución
Resto del título : en el corazón de nuestra crisis espiritual /
Mención de responsabilidad, etc. M.J. Le Guillou, Olivier Clement, Jean Bosc ; [versión de Pedro de la Cruz].
260 ## - PUBLICACIÓN, DISTRIBUCIÓN, ETC.
Lugar de publicación, distribución, etc. [Bilbao :
Nombre del editor, distribuidor, etc. Desclée de Brouwer,
Fecha de publicación, distribución, etc. 1970]
300 ## - DESCRIPCIÓN FÍSICA
Extensión 155 p. ;
Dimensiones 19 cm.
650 #4 - PUNTO DE ACCESO ADICIONAL DE MATERIA--TÉRMINO DE MATERIA
Término de materia o nombre geográfico como elemento de entrada Cristianismo-
Subdivisión general Historia-
Subdivisión cronológica S.XX.
9 (RLIN) 160094
700 1# - ENTRADA AGREGADA--NOMBRE PERSONAL
Nombre de persona Clément, Olivier.
9 (RLIN) 39185
700 1# - ENTRADA AGREGADA--NOMBRE PERSONAL
Nombre de persona Bosc, Jean.
9 (RLIN) 30631
700 0# - ENTRADA AGREGADA--NOMBRE PERSONAL
Nombre de persona Cruz, Pedro de la
9 (RLIN) 41804
852 ## - LOCALIZACIÓN
Ubicación ES-MaACL
Número de control de estantería C-47082
Sublocalización o colección R.76055
Holdings
Estatus retirado Estado de pérdida Estado de daño No para préstamo Biblioteca de origen Biblioteca actual Ubicación en estantería Fecha de adquisición Fuente de adquisición Total de préstamos Signatura topográfica completa Código de barras Visto por última vez Precio de reemplazo Tipo de ítem Koha
        Biblioteca del Ateneo de Madrid Biblioteca del Ateneo de Madrid Depósito 2 17/01/2008     C-47082 1094539 23/02/2023 23/02/2023 Libro impreso